Benchmarking a jeho uplatnenie v podnikateľskej praxi VUNAR, a. s., Nové Zámky : Diplomová práca

Salvato in:
Dettagli Bibliografici
Autore principale: Misáková, Adriana (Autore)
Altri autori: Baláž, Peter (xxx)
Natura: Manoscritto Libro
Lingua:slovacco
Pubblicazione: Trnava : STU v Bratislave MtF KMK, 2000
Soggetti:
Tags: Aggiungi Tag
Nessun Tag, puoi essere il primo ad aggiungerne!!

MARC

LEADER 00000ntm a22000003a 4500
001 stu79616
005 20160719154924.9
008 030310s2000----xo------------------slo-d
040 |a STU  |b slo 
041 0 |a slo 
044 |a xo 
100 1 |a Misáková, Adriana  |4 aut 
245 1 |a Benchmarking a jeho uplatnenie v podnikateľskej praxi VUNAR, a. s., Nové Zámky :  |b Diplomová práca 
260 |a Trnava :  |b STU v Bratislave MtF KMK,  |c 2000 
300 |a 81 s  |c abstr. + príl. 
650 7 |a benchmarking  |2 estusub 
650 7 |a ľudské zdroje  |2 stusub 
650 7 |a manažment priemyselných podnikov  |2 stusub 
700 1 |a Baláž, Peter  |4 xxx